| 000 | 00438nam a2200121Ia 4500 | ||
|---|---|---|---|
| 008 | 170221s9999 xx 000 0 und d | ||
| 100 | _aTrireksani, Terri. | ||
| 245 | _aCorporate Governance and Environmental Disclosure in the Indonesian Mining Industry | ||
| 245 | _cTerri Trireksani and Hadrian Geri Djajadikerta | ||
| 260 | _c2014 | ||
| 650 | _xBusiness | ||
| 856 | _uhttp://ro.uow.edu.au/cgi/viewcontent.cgi?article=1676&context=aabfj | ||
| 999 |
_c309406 _d309406 |
||